=LDR 00000nam 2200000 4500 =001 INLIS000000000006728 =005 20130612094831 =008 ***********************************Ind** =035 ##$$0010-061300000006728 =041 ##$$a Ind =082 ##$$a 297.66 =090 ##$$a 297.66, Key k =100 ##$$a Key, K. Burhanudin Wahid =245 ##$$a Konsepsi pembudayaan manusia dalam Islam, K. Burhanudin Wahid Key =260 ##$$a 1978 $b Bandung =300 ##$$a 77 hlm., 20 cm =650 ##$$a Islam-Budaya =850 ##$$a NBPNMAT